00387nam a2200085Ia 4500008004100000245009900041260000900140300012000149650003200269180130s9999 xx 000 0 und d cLevy, ItamaraThe dream's navel and the hunt in the forest: comments on the structure of space c2014 aBook title: Play : psychoanalytic perspectives, survival and human development--Acession number C18636; pages 75-84 aPLAY--PSYCHOLOGICAL ASPECTS